[Event "Canadian op"]
[Site "Calgary"]
[Date "2023.07.25"]
[Round "5"]
[White "Houshdaran, Soheil"]
[Black "Daniluk, Jim"]
[Result "1-0"]
[WhiteElo "1617"]
[BlackElo "1762"]
[PlyCount "65"]
[EventDate "2023.07.22"]
[EventType "swiss"]
[EventRounds "10"]
[EventCountry "CAN"]
[SourceTitle "EXT 2024"]
[Source "ChessBase"]
[SourceDate "2023.10.10"]
[SourceVersion "1"]
[SourceVersionDate "2023.10.10"]
[SourceQuality "1"]

1. e4 c5 2. Nf3 Nc6 3. d4 cxd4 4. Nxd4 Nf6 5. Nc3 e5 6. Ndb5 d6 7. Nd5 Nxd5 8. exd5 Nb8 9. c4 Be7 10. f4 Bf6 11. Be2 0-0 12. 0-0 a6 13. Qa4 Nd7 14. Qa3 Nc5 15. Be3 exf4 16. Bxf4 axb5 17. Qxa8 Qb6 18. Qa3 Bxb2 19. Qe3 Bxa1 20. Rxa1 Bd7 21. cxb5 Re8 22. Qf2 Qa5 23. Bh5 Nd3 24. Bd2 Qxb5 25. Qxf7+ Kh8 26. Rf1 Rg8 27. Qf3 Qc4 28. Qe3 Qc5 29. Qxc5 Nxc5 30. Bf4 Ne4 31. Re1 Nc3 32. Bxd6 Rf8 33. Bxf8 1-0

[Event "Alberta op"]
[Site "Edmonton"]
[Date "2017.10.07"]
[Round "1"]
[White "Daniluk, Jim"]
[Black "Maxwell, Jonathan F"]
[Result "1-0"]
[WhiteElo "1913"]
[BlackElo "1862"]
[PlyCount "89"]
[EventDate "2017.10.07"]
[EventType "swiss"]
[EventRounds "6"]
[EventCountry "CAN"]
[SourceTitle "EXT 2019"]
[Source "ChessBase"]
[SourceDate "2018.10.10"]
[SourceVersion "1"]
[SourceVersionDate "2018.10.10"]
[SourceQuality "1"]

1. d4 Nf6 2. Bf4 e6 3. e3 b6 4. Nf3 Bb7 5. Bd3 c5 6. c3 d5 7. Nbd2 c4 8. Bc2 b5 9. Ne5 Nbd7 10. 0-0 a5 11. Qf3 h6 12. h4 Nb6 13. Rfe1 Bd6 14. e4 Qc7 15. Bg3 0-0 16. h5 Rad8 17. Bh4 Bxe5 18. dxe5 Qxe5 19. exd5 Qxh5 20. Bxf6 Qxf3 21. Nxf3 gxf6 22. dxe6 fxe6 23. Nd4 e5 24. Nxb5 Rd2 25. Na3 Rfd8 26. Rad1 Rxd1 27. Rxd1 Rxd1+ 28. Bxd1 a4 29. b3 axb3 30. axb3 Bd5 31. bxc4 Bxc4 32. Nxc4 Nxc4 33. Bb3 Kf7 34. Bxc4+ Ke7 35. Kh2 f5 36. Kg3 Kd6 37. Kf3 h5 38. g3 Kc6 39. Be6 Kc5 40. Bxf5 Kc4 41. Ke4 Kxc3 42. Kxe5 Kd2 43. g4 hxg4 44. Bxg4 Ke1 45. f4 1-0

[Event "Calgary op 10th"]
[Site "Calgary"]
[Date "2017.08.03"]
[Round "3"]
[White "Daniluk, Jim"]
[Black "Gold, Itohan"]
[Result "0-1"]
[WhiteElo "1909"]
[BlackElo "1988"]
[PlyCount "152"]
[EventDate "2017.08.02"]
[EventType "swiss"]
[EventRounds "9"]
[EventCountry "CAN"]
[SourceTitle "CBM 179 Extra"]
[Source "ChessBase"]
[SourceDate "2017.08.23"]
[SourceVersion "1"]
[SourceVersionDate "2017.08.23"]
[SourceQuality "1"]

1. d4 d5 2. Nf3 Nf6 3. c4 c6 4. Nc3 e6 5. g3 dxc4 6. a4 Bb4 7. Bg2 Ne4 8. Qc2 Qa5 9. Qxe4 Bxc3+ 10. Kf1 Bb4 11. Ne5 c3 12. Qg4 cxb2 13. Bxb2 0-0 14. d5 Bc3 15. Nc4 Qb4 16. Ba3 Qxa4 17. Bb2 Qb3 18. dxc6 Bxb2 19. Rb1 Nxc6 20. Bxc6 bxc6 21. Rxb2 Qd1+ 22. Kg2 Qd5+ 23. f3 Ba6 24. Rc1 Bxc4 25. Qxc4 Qxc4 26. Rxc4 Rfb8 27. Rxb8+ Rxb8 28. Rxc6 Kf8 29. Kf2 a5 30. Ra6 Rb5 31. Ra7 g6 32. h4 Kg7 33. g4 h6 34. e4 g5 35. hxg5 hxg5 36. Kg3 Kg6 37. Ra6 Kf6 38. Ra7 Rc5 39. Kf2 Rc2+ 40. Ke3 Ra2 41. Kd4 a4 42. e5+ Kg6 43. Ra6 Ra1 44. Ke3 a3 45. Kf2 a2 46. Kg2 Kg7 47. Ra7 Kf8 48. Kh2 Ke8 49. Kg2 Kd8 50. Ra5 Kd7 51. Ra6 Kc7 52. Kh2 Kb7 53. Ra5 Kb6 54. Ra8 Kc5 55. Kg2 Kd4 56. Ra5 Kc4 57. Ra7 Kd5 58. Ra5+ Kd4 59. Kh2 Ke3 60. Kg2 Kf4 61. Ra7 Kxe5 62. Ra4 Kd5 63. Ra7 Kd4 64. Ra4+ Ke3 65. Re4+ Kd3 66. Ra4 Kc3 67. Ra7 Rd1 68. Rxa2 Rd2+ 69. Rxd2 Kxd2 70. Kf2 Kd3 71. Kg2 Ke2 72. Kg3 e5 73. Kg2 f6 74. Kg3 Kf1 75. f4 gxf4+ 76. Kf3 Kg1 0-1

[Event "Calgary int qual"]
[Site "Calgary"]
[Date "2017.06.09"]
[Round "1.9"]
[White "Daniluk, Jim"]
[Black "Darvekar, Yash"]
[Result "1-0"]
[WhiteElo "2020"]
[BlackElo "1455"]
[PlyCount "33"]
[EventDate "2017.06.??"]
[EventType "swiss"]
[EventRounds "5"]
[EventCountry "CAN"]
[SourceTitle "EXT 2022"]
[Source "ChessBase"]
[SourceDate "2021.10.06"]
[SourceVersion "1"]
[SourceVersionDate "2021.10.06"]
[SourceQuality "1"]

1. d4 d5 2. Nf3 c5 3. g3 Nc6 4. Bg2 Bf5 5. 0-0 cxd4 6. Nxd4 Nxd4 7. Qxd4 Bxc2 8. Qxd5 Nf6 9. Qxb7 Rc8 10. Nc3 Rc7 11. Qa6 Bf5 12. Rd1 Rd7 13. Bc6 e6 14. Bg5 e5 15. Qb5 Qc7 16. Bxf6 gxf6 17. Nd5 1-0

[Event "Alberta-ch Seniors"]
[Site "Edmonton"]
[Date "2017.04.08"]
[Round "1"]
[White "Daniluk, Jim"]
[Black "Findlay, Ian T"]
[Result "1/2-1/2"]
[WhiteElo "1921"]
[BlackElo "2240"]
[PlyCount "67"]
[EventDate "2017.04.08"]
[EventType "swiss"]
[EventRounds "5"]
[EventCountry "CAN"]
[SourceTitle "EXT 2019"]
[Source "ChessBase"]
[SourceDate "2018.10.10"]
[SourceVersion "1"]
[SourceVersionDate "2018.10.10"]
[SourceQuality "1"]

1. d4 Nf6 2. Nf3 e6 3. c4 c5 4. d5 exd5 5. cxd5 d6 6. Nc3 g6 7. e4 Bg7 8. Bb5+ Nbd7 9. a4 a6 10. Be2 0-0 11. 0-0 Re8 12. h3 Nxe4 13. Nxe4 Rxe4 14. Bd3 Re8 15. Bg5 Nf6 16. Qd2 Qc7 17. Rfe1 Bd7 18. Nh2 Rxe1+ 19. Rxe1 Re8 20. Rxe8+ Bxe8 21. Bxf6 Bxf6 22. Ng4 Bd4 23. b3 Qe7 24. Qa5 Bd7 25. Nh2 b6 26. Qd2 b5 27. Nf3 Bf6 28. Qa5 c4 29. bxc4 bxa4 30. Bc2 Qe8 31. Qxa6 Be7 32. Qa7 Bf6 33. Qa6 Be7 34. Qa7 1/2-1/2

[Event "Calgary Schleinich Memorial-B"]
[Site "Calgary"]
[Date "2017.01.07"]
[Round "2.6"]
[White "Daniluk, Jim"]
[Black "Rogers, Dustin"]
[Result "0-1"]
[WhiteElo "1943"]
[BlackElo "1931"]
[PlyCount "66"]
[EventDate "2017.01.06"]
[EventType "tourn"]
[EventRounds "5"]
[EventCountry "CAN"]
[SourceTitle "EXT 2022"]
[Source "ChessBase"]
[SourceDate "2021.10.06"]
[SourceVersion "1"]
[SourceVersionDate "2021.10.06"]
[SourceQuality "1"]

1. d4 Nf6 2. Nf3 e6 3. c4 b6 4. a3 Bb7 5. Qc2 Be7 6. Nbd2 d5 7. e3 Nbd7 8. b3 Rc8 9. Bd3 c5 10. Bb2 cxd4 11. exd4 h6 12. Qb1 0-0 13. 0-0 Rc7 14. Re1 Qa8 15. Bf1 Rfc8 16. Ne5 Nxe5 17. dxe5 Ne4 18. Nxe4 dxe4 19. Bc1 Qb8 20. Be3 Bc5 21. b4 Bxe3 22. Rxe3 Rd7 23. Qb2 Rcd8 24. Qc3 Rd4 25. c5 bxc5 26. bxc5 Bc6 27. f4 exf3 28. gxf3 Qc7 29. Rc1 Qe7 30. Re2 Rd1 31. Rb2 Qh4 32. Kg2 g6 33. Rb4 R8d4 0-1

[Event "Calgary Schleinich Memorial-B"]
[Site "Calgary"]
[Date "2017.01.07"]
[Round "3.6"]
[White "Daniluk, Jim"]
[Black "Willis, Bradley"]
[Result "0-1"]
[WhiteElo "1943"]
[BlackElo "1979"]
[PlyCount "86"]
[EventDate "2017.01.06"]
[EventType "tourn"]
[EventRounds "5"]
[EventCountry "CAN"]
[SourceTitle "EXT 2022"]
[Source "ChessBase"]
[SourceDate "2021.10.06"]
[SourceVersion "1"]
[SourceVersionDate "2021.10.06"]
[SourceQuality "1"]

1. d4 f5 2. Nc3 d5 3. e4 dxe4 4. Bc4 Nf6 5. Nh3 e6 6. Nf4 Qe7 7. d5 e5 8. Bb5+ Kf7 9. Nh3 h6 10. Bc4 Qc5 11. Qe2 a6 12. Be3 Qa5 13. Bd2 Qc5 14. b4 Qd6 15. 0-0 g5 16. Kh1 Kg7 17. Rad1 Qd8 18. Nb1 Bd6 19. Bb3 Qe7 20. a3 Nbd7 21. c4 b6 22. Bc3 Nf8 23. Qb2 Ng6 24. Rfe1 Bd7 25. Nd2 Rae8 26. Nf1 f4 27. Ng1 Bf5 28. f3 e3 29. Bc2 Bxc2 30. Qxc2 e4 31. Bd4 Be5 32. fxe4 Bxd4 33. Rxd4 Nxe4 34. h3 Qe5 35. Nf3 Qe7 36. Qb2 Kf7 37. d6 cxd6 38. Qb3 Kf8 39. Rd5 Qf6 40. Nd4 Re5 41. Nf3 Rxd5 42. cxd5 Nh4 43. Nd4 Qxd4 0-1

[Event "Calgary March of Kings"]
[Site "Calgary"]
[Date "2017.??.??"]
[Round "2"]
[White "Findlay, Ian T"]
[Black "Daniluk, Jim"]
[Result "1-0"]
[WhiteElo "2240"]
[BlackElo "1921"]
[PlyCount "43"]
[EventDate "2017.03.11"]
[EventType "swiss"]
[EventRounds "5"]
[EventCountry "CAN"]
[SourceTitle "EXT 2019"]
[Source "ChessBase"]
[SourceDate "2018.10.10"]
[SourceVersion "1"]
[SourceVersionDate "2018.10.10"]
[SourceQuality "1"]

1. e4 c5 2. Nf3 Nc6 3. d4 cxd4 4. Nxd4 Nf6 5. Nc3 e5 6. Ndb5 d6 7. Bg5 a6 8. Na3 b5 9. Bxf6 gxf6 10. Nd5 f5 11. Bd3 Rg8 12. c3 Rxg2 13. Qf3 Rg4 14. exf5 e4 15. Qxg4 exd3 16. 0-0-0 Bh6+ 17. f4 Ne5 18. Qh5 Bb7 19. Qxh6 Bxd5 20. Rhe1 b4 21. Rxd3 Qa5 22. Qxd6 1-0

[Event "Alberta op"]
[Site "Calgary"]
[Date "2016.10.08"]
[Round "1"]
[White "Daniluk, Jim"]
[Black "Chen, Andrew"]
[Result "1-0"]
[WhiteElo "1924"]
[BlackElo "1255"]
[PlyCount "85"]
[EventDate "2016.10.08"]
[EventType "swiss"]
[EventRounds "6"]
[EventCountry "CAN"]
[SourceTitle "EXT 2018"]
[Source "ChessBase"]
[SourceDate "2017.10.13"]
[SourceVersion "1"]
[SourceVersionDate "2017.10.13"]
[SourceQuality "1"]

1. d4 d5 2. Nf3 Nf6 3. c4 e6 4. g3 c6 5. Qc2 Nbd7 6. Bg2 Bd6 7. Nbd2 b6 8. 0-0 0-0 9. Rd1 Ba6 10. e4 Be7 11. e5 Ne8 12. cxd5 cxd5 13. Nf1 Qc8 14. Qb1 g6 15. Bh6 Ng7 16. Rd2 Qb7 17. b4 Bc4 18. Ne3 b5 19. h4 Rfc8 20. Rb2 Nb6 21. Nd2 Na4 22. Rc2 Rc6 23. Ndxc4 bxc4 24. b5 Rcc8 25. Rxc4 Rxc4 26. Nxc4 Nc3 27. Qb2 Qxb5 28. Qxc3 Rc8 29. Nd6 Rxc3 30. Nxb5 Rc4 31. Bxg7 Kxg7 32. Nxa7 Rxd4 33. Nc6 Rc4 34. Nxe7 Rc7 35. Nxd5 exd5 36. Bxd5 Rc5 37. Bf3 Rxe5 38. a4 Ra5 39. Bc6 h6 40. Bb5 g5 41. hxg5 hxg5 42. Rc1 Kf8 43. Rc6 1-0

[Event "Alberta op"]
[Site "Calgary"]
[Date "2016.10.08"]
[Round "2"]
[White "Haessel, Dale R"]
[Black "Daniluk, Jim"]
[Result "1-0"]
[WhiteElo "2235"]
[BlackElo "1924"]
[PlyCount "45"]
[EventDate "2016.10.08"]
[EventType "swiss"]
[EventRounds "6"]
[EventCountry "CAN"]
[SourceTitle "EXT 2018"]
[Source "ChessBase"]
[SourceDate "2017.10.13"]
[SourceVersion "1"]
[SourceVersionDate "2017.10.13"]
[SourceQuality "1"]

1. d4 d5 2. c4 e6 3. Nc3 Be7 4. cxd5 exd5 5. Bf4 c6 6. Qc2 Nf6 7. e3 0-0 8. Bd3 b5 9. Nf3 h6 10. 0-0 Nh5 11. Be5 f6 12. Bxb8 Rxb8 13. Bg6 Bg4 14. h3 Bxh3 15. gxh3 Qd7 16. Bxh5 Qxh3 17. Qg6 f5 18. Ne2 Rf6 19. Qxf6 Qxh5 20. Qxe7 Qxf3 21. Nf4 Rf8 22. Rfc1 Rf6 23. Rxc6 1-0

[Event "Canadian op"]
[Site "Windsor"]
[Date "2016.07.17"]
[Round "9"]
[White "Talukdar, Rohan Shyam"]
[Black "Daniluk, Jim"]
[Result "1-0"]
[WhiteElo "2051"]
[BlackElo "1903"]
[PlyCount "47"]
[EventDate "2016.07.10"]
[EventType "swiss"]
[EventRounds "9"]
[EventCountry "CAN"]
[SourceTitle "EXT 2017"]
[Source "ChessBase"]
[SourceDate "2016.10.25"]
[SourceVersion "1"]
[SourceVersionDate "2016.10.25"]
[SourceQuality "1"]

1. e4 c5 2. Nc3 a6 3. f4 b5 4. g3 Bb7 5. Bg2 e6 6. d3 Nf6 7. Nf3 b4 8. Ne2 d5 9. e5 Nfd7 10. 0-0 Nc6 11. c3 a5 12. Be3 Be7 13. g4 h5 14. gxh5 Rxh5 15. Ng3 Rh7 16. f5 Ndxe5 17. Nxe5 Nxe5 18. Bf4 Nc6 19. fxe6 fxe6 20. Qg4 g5 21. Qxe6 gxf4 22. Nf5 Rf7 23. Bxd5 Rf6 24. Ng7+ 1-0

[Event "Battle of Alberta 20th"]
[Site "Red Deer"]
[Date "2015.09.12"]
[Round "2.11"]
[White "Daniluk, Jim"]
[Black "Briones, Dante"]
[Result "1-0"]
[WhiteElo "1951"]
[BlackElo "1932"]
[PlyCount "84"]
[EventDate "2015.09.12"]
[EventType "team-match"]
[EventRounds "2"]
[EventCountry "CAN"]
[SourceTitle "EXT 2017"]
[Source "ChessBase"]
[SourceDate "2016.10.25"]
[SourceVersion "1"]
[SourceVersionDate "2016.10.25"]
[SourceQuality "1"]
[WhiteTeam "Alberta South"]
[BlackTeam "Alberta North"]
[WhiteTeamCountry "CAN"]
[BlackTeamCountry "CAN"]

1. d4 Nf6 2. Nf3 g6 3. c4 Bg7 4. Nc3 d6 5. h3 Nbd7 6. e4 e5 7. Be3 exd4 8. Nxd4 Nc5 9. Qc2 0-0 10. 0-0-0 Re8 11. f3 c6 12. Nxc6 bxc6 13. Bxc5 Bh6+ 14. Kb1 dxc5 15. Rxd8 Rxd8 16. Bd3 Be6 17. Rd1 Nd7 18. Na4 Be3 19. Qe2 Bd4 20. f4 f6 21. Kc2 Rab8 22. b3 Rb7 23. Qf3 Rc7 24. Nc3 Rb8 25. Bf1 f5 26. e5 Kh8 27. Ne2 Bxc4 28. Nxd4 Bd5 29. Qc3 cxd4 30. Rxd4 Nb6 31. Bc4 Bxg2 32. e6 Rg7 33. e7 Nd5 34. Bxd5 cxd5 35. Rb4 Re8 36. Qe5 Be4+ 37. Kb2 d4 38. Rb8 Bc6 39. Rxe8+ Bxe8 40. Qxd4 a6 41. Qd8 Rg8 42. a4 Bxa4 1-0

[Event "Calgary op 8th"]
[Site "Calgary"]
[Date "2015.07.31"]
[Round "4"]
[White "Haessel, Dale R"]
[Black "Daniluk, Jim"]
[Result "1-0"]
[WhiteElo "2180"]
[BlackElo "1978"]
[PlyCount "101"]
[EventDate "2015.07.29"]
[EventType "swiss"]
[EventRounds "9"]
[EventCountry "CAN"]
[SourceTitle "EXT 2017"]
[Source "ChessBase"]
[SourceDate "2016.10.25"]
[SourceVersion "1"]
[SourceVersionDate "2016.10.25"]
[SourceQuality "1"]

1. d4 Nf6 2. c4 Nc6 3. Nf3 e6 4. e3 Bb4+ 5. Nbd2 Be7 6. Bd3 d6 7. 0-0 0-0 8. a3 e5 9. b4 exd4 10. exd4 d5 11. b5 dxc4 12. Nxc4 Nb8 13. Qc2 Bg4 14. Nfe5 Be6 15. Bb2 Nbd7 16. Rac1 Nb6 17. Na5 Bd5 18. Rfe1 Bd6 19. Re3 h6 20. Rce1 Rb8 21. Bc1 Re8 22. Rg3 Nh5 23. Rh3 Nf6 24. Bxh6 Bxe5 25. dxe5 gxh6 26. Qd2 Ng4 27. Rg3 Qg5 28. Qxg5+ hxg5 29. Rxg4 f6 30. f4 Nd7 31. Bc4 Nb6 32. fxg5 fxe5 33. Bxd5+ Nxd5 34. Rge4 Nc3 35. Rxe5 Rxe5 36. Rxe5 Rd8 37. Nxb7 Rd1+ 38. Kf2 Rd2+ 39. Kf3 Ra2 40. h4 Rxa3 41. Kg4 Ra2 42. g3 Ne2 43. Nc5 Rc2 44. Kf5 Nxg3+ 45. Kg6 Re2 46. Rxe2 Nxe2 47. Ne6 Nc3 48. Nxc7 Ne2 49. h5 Nf4+ 50. Kh6 Nd3 51. Nd5 1-0

[Event "Northern Alberta op"]
[Site "Edmonton"]
[Date "2015.02.15"]
[Round "4"]
[White "Superceanu, Bogdan"]
[Black "Daniluk, Jim"]
[Result "0-1"]
[WhiteElo "1800"]
[BlackElo "1983"]
[PlyCount "84"]
[EventDate "2015.02.14"]
[EventType "swiss"]
[EventRounds "5"]
[EventCountry "CAN"]
[SourceTitle "EXT 2017"]
[Source "ChessBase"]
[SourceDate "2016.10.25"]
[SourceVersion "1"]
[SourceVersionDate "2016.10.25"]
[SourceQuality "1"]

1. e4 c5 2. Nf3 Nc6 3. d4 cxd4 4. Nxd4 Nf6 5. Nc3 e5 6. Ndb5 d6 7. Bg5 a6 8. Na3 b5 9. Nd5 Be7 10. Bxf6 Bxf6 11. c3 Rb8 12. Qd2 Bg5 13. Ne3 Be6 14. Rd1 0-0 15. b3 Qa5 16. Nb1 b4 17. Be2 bxc3 18. Nxc3 Nd4 19. 0-0 Qxc3 20. Bxa6 Qxd2 21. Rxd2 f5 22. exf5 Nxf5 23. Rd3 Nxe3 24. fxe3 d5 25. a4 d4 26. exd4 exd4 27. Rxf8+ Kxf8 28. Bb5 Ke7 29. h3 Be3+ 30. Kf1 Bf5 31. Rxe3+ dxe3 32. Ke2 Bd7 33. Bc4 Be6 34. Kxe3 Bxc4 35. bxc4 Rb4 36. Kd4 Rxa4 37. Kc5 Kd7 38. Kb5 Ra2 39. g4 Kd6 40. c5+ Kd5 41. Kb4 Rb2+ 42. Kc3 Rb5 0-1

[Event "Calgary Alberta op"]
[Site "Calgary"]
[Date "2014.10.12"]
[Round "3.9"]
[White "Daniluk, Jim"]
[Black "Lee, Nicholas"]
[Result "1/2-1/2"]
[WhiteElo "2084"]
[BlackElo "1750"]
[PlyCount "68"]
[EventDate "2014.10.11"]
[EventType "swiss"]
[EventRounds "6"]
[EventCountry "CAN"]
[SourceTitle "EXT 2022"]
[Source "ChessBase"]
[SourceDate "2021.10.06"]
[SourceVersion "1"]
[SourceVersionDate "2021.10.06"]
[SourceQuality "1"]

1. d4 Nf6 2. Nf3 g6 3. c4 Bg7 4. g3 c5 5. Bg2 cxd4 6. Nxd4 Nc6 7. Nxc6 bxc6 8. Nc3 Bb7 9. 0-0 d5 10. cxd5 cxd5 11. Qa4+ Qd7 12. Qxd7+ Kxd7 13. Rd1 e6 14. e4 Rac8 15. exd5 Nxd5 16. Nxd5 Bxd5 17. Bxd5 exd5 18. Rxd5+ Ke6 19. Ra5 Bd4 20. Be3 Bxe3 21. fxe3 Rhd8 22. Rf1 Rd2 23. Rf2 Rc1+ 24. Kg2 Rxf2+ 25. Kxf2 Rc2+ 26. Kf3 Rxb2 27. Ra6+ Ke5 28. Rxa7 Rxh2 29. a4 f5 30. Ra5+ Kf6 31. e4 fxe4+ 32. Kxe4 Ke6 33. Ra6+ Kd7 34. a5 Ke7 1/2-1/2

[Event "Edmonton Reserves"]
[Site "Edmonton"]
[Date "2014.06.28"]
[Round "2"]
[White "Rekhson, Vladislav"]
[Black "Daniluk, Jim"]
[Result "1-0"]
[WhiteElo "2272"]
[BlackElo "1974"]
[PlyCount "105"]
[EventDate "2014.06.28"]
[EventType "swiss"]
[EventRounds "5"]
[EventCountry "CAN"]
[SourceTitle "EXT 2022"]
[Source "ChessBase"]
[SourceDate "2021.10.06"]
[SourceVersion "1"]
[SourceVersionDate "2021.10.06"]
[SourceQuality "1"]

1. e4 c5 2. Nf3 Nc6 3. d4 cxd4 4. Nxd4 Nf6 5. Nc3 e5 6. Ndb5 d6 7. a4 Be7 8. Bg5 a6 9. Na3 Be6 10. Bxf6 Bxf6 11. Nc4 Nd4 12. Ne3 Bg5 13. Ncd5 Rc8 14. Bd3 Bxe3 15. Nxe3 Qa5+ 16. c3 Nb3 17. Ra3 Rxc3 18. bxc3 Qxc3+ 19. Kf1 Nd2+ 20. Ke2 Qxa3 21. Qxd2 Qxa4 22. Rb1 Qd7 23. Qb2 b5 24. f4 exf4 25. Qxg7 Rf8 26. Nf5 f6 27. Qxd7+ Kxd7 28. Ra1 Bxf5 29. exf5 Re8+ 30. Kf2 Re3 31. Be2 Kc6 32. Rxa6+ Kc5 33. Ra5 Kc6 34. Ra6+ Kc5 35. Bf3 Rd3 36. Ke2 Re3+ 37. Kd2 Re5 38. Rc6+ Kb4 39. Rxd6 Rxf5 40. Rd5 Rg5 41. Rxg5 fxg5 42. Kd3 Kc5 43. Ke4 b4 44. Be2 h6 45. h3 b3 46. Ke5 b2 47. Bd3 h5 48. Bb1 Kc4 49. Kf5 Kd4 50. Kxg5 Ke3 51. h4 Kf2 52. Kxf4 Kxg2 53. Kg5 1-0

[Event "Edmonton Northern Alberta op"]
[Site "Edmonton"]
[Date "2014.02.15"]
[Round "2.6"]
[White "Daniluk, Jim"]
[Black "Rekhson, Vladislav"]
[Result "0-1"]
[WhiteElo "1980"]
[BlackElo "2259"]
[PlyCount "54"]
[EventDate "2014.02.15"]
[EventType "swiss"]
[EventRounds "5"]
[EventCountry "CAN"]
[SourceTitle "EXT 2022"]
[Source "ChessBase"]
[SourceDate "2021.10.06"]
[SourceVersion "1"]
[SourceVersionDate "2021.10.06"]
[SourceQuality "1"]

1. d4 Nf6 2. c4 c5 3. d5 b5 4. f3 e6 5. e4 bxc4 6. dxe6 fxe6 7. e5 Nd5 8. g3 Bb7 9. Bxc4 Qc7 10. Qe2 Nc6 11. Bxd5 Nd4 12. Qd1 Qxe5+ 13. Kf2 Qxd5 14. Nc3 Qf5 15. g4 Qf6 16. Be3 Be7 17. h4 0-0 18. Rh3 Rab8 19. Rb1 Bc6 20. Bg5 Qf7 21. Qd3 e5 22. b3 Ne6 23. Bxe7 Nf4 24. Qd6 Nxh3+ 25. Kg3 Nxg1 26. Bxf8 Qxf3+ 27. Kh2 Qg2# 0-1

[Event "Red Deer Battle of Alberta"]
[Site "Red Deer"]
[Date "2013.09.07"]
[Round "2.11"]
[White "Kalisvaart, Peter"]
[Black "Daniluk, Jim"]
[Result "0-1"]
[WhiteElo "2096"]
[BlackElo "1951"]
[PlyCount "70"]
[EventDate "2013.09.07"]
[EventType "team-match"]
[EventRounds "2"]
[EventCountry "CAN"]
[SourceTitle "EXT 2022"]
[Source "ChessBase"]
[SourceDate "2021.10.06"]
[SourceVersion "1"]
[SourceVersionDate "2021.10.06"]
[SourceQuality "1"]

1. b4 e6 2. Bb2 Nf6 3. b5 c5 4. e3 Be7 5. f4 0-0 6. Nf3 Qc7 7. Be2 d6 8. 0-0 Rd8 9. a4 b6 10. a5 bxa5 11. Bc3 Nbd7 12. Bxa5 Nb6 13. Na3 Bb7 14. c4 Rac8 15. Nc2 e5 16. Bc3 exf4 17. Rxa7 Ra8 18. Rxa8 Bxa8 19. exf4 d5 20. Be5 Qb7 21. cxd5 Nfxd5 22. Nfe1 f6 23. Bb2 Qd7 24. Na3 c4 25. Nxc4 Qxb5 26. Qc1 Rc8 27. d3 Nxc4 28. dxc4 Qc5+ 29. Kh1 Ne3 30. Rg1 Nxc4 31. Bg4 f5 32. Bf3 Be4 33. Bxe4 fxe4 34. Qa1 Nxb2 35. Qxb2 Qc4 0-1

[Event "Northern Alberta op"]
[Site "Edmonton"]
[Date "2013.02.16"]
[Round "2"]
[White "Daniluk, Jim"]
[Black "Porper, Edward"]
[Result "0-1"]
[WhiteElo "2085"]
[BlackElo "2490"]
[PlyCount "66"]
[EventDate "2013.02.16"]
[EventType "swiss"]
[EventRounds "5"]
[EventCountry "CAN"]
[SourceTitle "EXT 2014"]
[Source "ChessBase"]
[SourceDate "2013.11.20"]
[SourceVersion "1"]
[SourceVersionDate "2013.11.20"]
[SourceQuality "1"]

1. d4 Nf6 2. Nf3 e6 3. c4 Bb4+ 4. Bd2 a5 5. g3 d6 6. Bg2 Nbd7 7. 0-0 e5 8. a3 Bxd2 9. Qxd2 0-0 10. Rd1 Qe7 11. e3 Nb6 12. c5 dxc5 13. Nxe5 cxd4 14. Qxd4 Re8 15. Nc4 Nxc4 16. Qxc4 Be6 17. Qc2 a4 18. Nd2 c6 19. Rac1 Red8 20. Nf3 Bb3 21. Rxd8+ Rxd8 22. Qc3 Ne4 23. Qe1 c5 24. h4 b6 25. Qe2 h6 26. Bh3 Qd6 27. Bf5 Bd1 28. Rxd1 Qxd1+ 29. Qxd1 Rxd1+ 30. Kg2 Nd6 31. Bc2 Rc1 32. Bxa4 b5 33. Bb3 c4 0-1

[Event "Calgary"]
[Site "Calgary"]
[Date "2013.02.09"]
[Round "3"]
[White "Rekhson, Vladislav"]
[Black "Daniluk, Jim"]
[Result "0-1"]
[WhiteElo "2145"]
[BlackElo "2081"]
[PlyCount "106"]
[EventDate "2013.01.15"]
[EventType "swiss"]
[EventRounds "7"]
[EventCountry "CAN"]
[SourceTitle "EXT 2022"]
[Source "ChessBase"]
[SourceDate "2021.10.06"]
[SourceVersion "1"]
[SourceVersionDate "2021.10.06"]
[SourceQuality "1"]

1. e4 c5 2. Nf3 Nc6 3. c3 Nf6 4. e5 Nd5 5. d4 cxd4 6. Bc4 Nb6 7. Bb3 d5 8. exd6 Qxd6 9. cxd4 Be6 10. 0-0 Bxb3 11. Qxb3 e6 12. Nc3 Be7 13. Nb5 Qd8 14. Bf4 0-0 15. Rfd1 Nd5 16. Bg3 a6 17. Nc3 Na5 18. Qc2 Rc8 19. Rac1 b5 20. Qe4 Nc4 21. Nxd5 exd5 22. Qc2 Bg5 23. Nxg5 Qxg5 24. h4 Qg4 25. Qb1 Ne3 26. Rxc8 Rxc8 27. Rc1 Rxc1+ 28. Qxc1 Qd1+ 29. Qxd1 Nxd1 30. Kf1 Nxb2 31. Ke2 Kf8 32. Bd6+ Ke8 33. Be5 g6 34. g4 Kd7 35. h5 Ke6 36. Bc7 gxh5 37. gxh5 Kf5 38. Bd8 Kg4 39. h6 Kh5 40. Kf3 Kxh6 41. Kf4 Nc4 42. Kf5 Kg7 43. Bf6+ Kf8 44. Kg5 b4 45. Kh6 a5 46. Kxh7 a4 47. Bg5 b3 48. axb3 axb3 49. Bc1 b2 50. Bxb2 Nxb2 51. Kh6 Ke7 52. Kg5 Ke6 53. f4 f6+ 0-1